| 000 | 00434 a2200157 4500 | ||
|---|---|---|---|
| 999 |
_c2829 _d2829 |
||
| 020 | _a9780435451486 | ||
| 050 | _aHF5547 CAR 2001 | ||
| 100 |
_aCarysforth, Carol _eauthor |
||
| 245 |
_aAdministration / _cCarol Carysforth |
||
| 250 | _a2nd ed. | ||
| 264 |
_aOxford _bHeinemann _c2001 |
||
| 300 |
_a508p. : _bill. |
||
| 500 | _aIncludes index | ||
| 650 |
_aOffice practice. _xOffice management. |
||
| 942 |
_2lcc _cBK _e2nd ed. _h5547 _iCAR _kHF |
||